[Event "UKR-ch sf U16"]
[Site "Kherson"]
[Date "2007.11.23"]
[Round "8"]
[White "Kharchenko, Denis"]
[Black "Danilenko, Dmitriy"]
[Result "0-1"]
[WhiteElo "2232"]
[BlackElo "2261"]
[PlyCount "122"]
[EventDate "2007.11.16"]
[EventType "swiss"]
[EventRounds "9"]
[EventCountry "UKR"]
[SourceTitle "EXT 2023"]
[Source "ChessBase"]
[SourceDate "2022.10.05"]
[SourceVersion "1"]
[SourceVersionDate "2022.10.05"]
[SourceQuality "1"]

1. d4 f5 2. g3 Nf6 3. Bg2 g6 4. Nf3 Bg7 5. c4 0-0 6. 0-0 d6 7. Nc3 Qe8 8. b3 h6 9. Bb2 g5 10. d5 Qg6 11. Qc2 Na6 12. Rae1 Bd7 13. Qb1 Rae8 14. e3 c5 15. a3 Nc7 16. Nd2 b5 17. Ne2 bxc4 18. bxc4 Rb8 19. Qc2 Qh5 20. Bc3 Rb7 21. f3 Rfb8 22. Rb1 Qe8 23. Rxb7 Rxb7 24. Rb1 Qb8 25. Rxb7 Qxb7 26. Kf2 Qa6 27. Qb2 Qb6 28. Qc2 Kf7 29. Bh3 g4 30. fxg4 fxg4 31. Bg2 Kg8 32. Nf4 Qb8 33. Ne4 Qf8 34. Nxf6+ Bxf6 35. Be4 Bxc3 36. Qxc3 Bf5 37. Qc2 Bxe4 38. Qxe4 Qf6 39. Qg6+ Qxg6 40. Nxg6 Kf7 41. Nf4 Na8 42. Ke2 Nb6 43. Kd3 Nd7 44. Kc3 Kf6 45. Nd3 Kf5 46. Nf2 Ne5 47. e4+ Kg5 48. Kb3 Nf3 49. Ka4 Nxh2 50. Kb5 Nf1 51. a4 Nd2 52. a5 Nb3 53. a6 Nd4+ 54. Ka4 h5 55. e5 Kf5 56. exd6 exd6 57. Nd3 Ke4 58. Nxc5+ dxc5 59. d6 h4 60. d7 Ne6 61. gxh4 g3 0-1

[Event "UKR-ch sf U16"]
[Site "Kherson"]
[Date "2007.11.22"]
[Round "7"]
[White "Shumilov, Ilya"]
[Black "Kharchenko, Denis"]
[Result "1-0"]
[WhiteElo "2286"]
[BlackElo "2232"]
[PlyCount "134"]
[EventDate "2007.11.16"]
[EventType "swiss"]
[EventRounds "9"]
[EventCountry "UKR"]
[SourceTitle "EXT 2023"]
[Source "ChessBase"]
[SourceDate "2022.10.05"]
[SourceVersion "1"]
[SourceVersionDate "2022.10.05"]
[SourceQuality "1"]

1. d4 b6 2. Nd2 Bb7 3. e4 e6 4. Bd3 Ne7 5. Ngf3 g6 6. 0-0 Bg7 7. Qe2 d6 8. c3 Nd7 9. a4 a6 10. Re1 0-0 11. Nf1 e5 12. dxe5 Nxe5 13. Nxe5 dxe5 14. Bg5 c6 15. Rad1 Qc7 16. Bc4 Kh8 17. Ne3 f6 18. Bh4 b5 19. Bb3 Rad8 20. f3 Nc8 21. Bf2 Rxd1 22. Rxd1 Rd8 23. c4 Rxd1+ 24. Nxd1 bxa4 25. Bxa4 Nb6 26. Bb3 c5 27. Nc3 Qd6 28. Nd5 Nd7 29. Qe3 Bf8 30. h4 Nb8 31. Ba4 Bc6 32. Qa3 Bxa4 33. Qxa4 Nd7 34. Qa5 Nb8 35. Qa4 Nd7 36. Be1 Nb8 37. Qe8 Kg7 38. b4 Nc6 39. b5 axb5 40. cxb5 Nd8 41. Ba5 Ne6 42. b6 Nd8 43. Kh2 Nb7 44. Bd2 h5 45. Qc8 Nd8 46. b7 Nxb7 47. Qxb7+ Kg8 48. Qb5 Qe6 49. Qc4 Kg7 50. Be3 Qd6 51. Bf2 Kh7 52. Bg3 Bg7 53. Ne3 Qe7 54. Qd5 Qa7 55. Nc4 Qc7 56. Qd6 Qxd6 57. Nxd6 Bf8 58. Nc4 Kg7 59. Kg1 Kf7 60. Kf1 Ke6 61. Ke2 f5 62. Kd3 f4 63. Bf2 Be7 64. Kc3 Kf6 65. Nb6 g5 66. Nd5+ Kf7 67. Nxe7 Kxe7 1-0

[Event "UKR-ch sf U16"]
[Site "Kherson"]
[Date "2007.11.21"]
[Round "6"]
[White "Kharchenko, Denis"]
[Black "Borisenko, Viacheslav"]
[Result "1-0"]
[WhiteElo "2232"]
[BlackElo "2172"]
[PlyCount "65"]
[EventDate "2007.11.16"]
[EventType "swiss"]
[EventRounds "9"]
[EventCountry "UKR"]
[SourceTitle "EXT 2023"]
[Source "ChessBase"]
[SourceDate "2022.10.05"]
[SourceVersion "1"]
[SourceVersionDate "2022.10.05"]
[SourceQuality "1"]

1. e4 c5 2. Nf3 e6 3. d4 cxd4 4. Nxd4 Nf6 5. Nc3 Nc6 6. Bc4 Bb4 7. 0-0 Bxc3 8. bxc3 Nxe4 9. Qg4 f5 10. Qxg7 Qf6 11. Qxf6 Nxf6 12. Nb5 d5 13. Nc7+ Kd8 14. Nxa8 dxc4 15. Bf4 Nd5 16. Rad1 Bd7 17. Rxd5 exd5 18. Rd1 Ne7 19. Nc7 Bc6 20. Ne6+ Kd7 21. Nd4 Ng6 22. Bh6 Ne7 23. Re1 Rg8 24. f3 Rg6 25. Bc1 Ba4 26. Re5 Bc6 27. Ba3 Nc8 28. Rxf5 Rg7 29. Rf6 Ke8 30. Rf8+ Kd7 31. f4 Nd6 32. Bxd6 Kxd6 33. Nf5+ 1-0

[Event "UKR-ch sf U16"]
[Site "Kherson"]
[Date "2007.11.19"]
[Round "4"]
[White "Kharchenko, Denis"]
[Black "Tsirulnik, Mark"]
[Result "1/2-1/2"]
[WhiteElo "2232"]
[BlackElo "2193"]
[PlyCount "77"]
[EventDate "2007.11.16"]
[EventType "swiss"]
[EventRounds "9"]
[EventCountry "UKR"]
[SourceTitle "EXT 2023"]
[Source "ChessBase"]
[SourceDate "2022.10.05"]
[SourceVersion "1"]
[SourceVersionDate "2022.10.05"]
[SourceQuality "1"]

1. e4 c5 2. c4 Nc6 3. Nc3 Nf6 4. g3 d6 5. Bg2 g6 6. d3 Bg7 7. Nge2 0-0 8. 0-0 Nh5 9. f4 f5 10. h3 Nf6 11. Be3 e6 12. Rb1 Qe7 13. Bf2 Bd7 14. a3 e5 15. b4 fxe4 16. dxe4 b6 17. Nd5 Nxd5 18. Qxd5+ Kh8 19. Qd3 Be6 20. Be3 Nd4 21. Nc3 Rac8 22. b5 Qd7 23. Kh2 Rce8 24. Rbe1 Qc8 25. a4 Re7 26. Bd2 Ref7 27. fxe5 Bxe5 28. Bh6 Rxf1 29. Rxf1 Rxf1 30. Qxf1 Qg8 31. Nd5 Qf7 32. Qxf7 Bxf7 33. Bf1 Bxd5 34. cxd5 Kg8 35. Bc4 Kf7 36. Bc1 Kf6 37. Kg2 g5 38. Be3 Nc2 39. Bc1 1/2-1/2

[Event "Orlova op 4th"]
[Site "Orlova"]
[Date "2007.05.21"]
[Round "3"]
[White "Michenka, Jozef"]
[Black "Kharchenko, Denis"]
[Result "1-0"]
[WhiteElo "2344"]
[BlackElo "2168"]
[PlyCount "139"]
[EventDate "2007.05.19"]
[EventType "swiss"]
[EventRounds "9"]
[EventCountry "CZE"]
[SourceTitle "EXT 2012"]
[Source "ChessBase"]
[SourceDate "2011.11.24"]
[SourceVersion "1"]
[SourceVersionDate "2011.11.24"]
[SourceQuality "1"]

1. d4 d5 2. c4 e6 3. Nc3 Nf6 4. cxd5 exd5 5. Bg5 c6 6. e3 Bf5 7. Qf3 Bg6 8. Bxf6 Qxf6 9. Qxf6 gxf6 10. 0-0-0 Nd7 11. h4 h5 12. Bd3 Rg8 13. g3 0-0-0 14. Nge2 Bd6 15. b3 Rde8 16. Kb2 Kb8 17. Nc1 Bxd3 18. Nxd3 f5 19. Ne2 Nf6 20. Rc1 Rc8 21. Rc2 Rge8 22. Rhc1 Rc7 23. b4 Rcc8 24. a4 Rc7 25. Kb3 Ne4 26. Nef4 Nf6 27. Nh3 Re6 28. Rb1 Re8 29. Ndf4 Ree7 30. Kc3 Re8 31. Kd3 Rd8 32. Ke2 Re8 33. Nd3 Ree7 34. Nhf4 Re8 35. Kf3 a6 36. Nc5 Bxc5 37. Rxc5 b6 38. Rc2 Kb7 39. Nd3 Ne4 40. Rbc1 Nd6 41. Nf4 Nc4 42. Nxh5 a5 43. bxa5 bxa5 44. Ng7 Rg8 45. Nxf5 Kc8 46. Rxc4 dxc4 47. Nd6+ Kd7 48. Nxc4 c5 49. d5 Rb7 50. Nxa5 Rb4 51. Nc4 f6 52. e4 Ke7 53. a5 Ra8 54. Kf4 Rb3 55. h5 Rbb8 56. g4 Ra6 57. Kf5 Rg8 58. f4 Rf8 59. Rb1 Kf7 60. Rb7+ Kg8 61. d6 Rf7 62. Rb8+ Kg7 63. Ke6 Rfa7 64. Re8 Kh6 65. Kxf6 Rh7 66. e5 Raa7 67. e6 Rag7 68. Ne3 Rg6+ 69. hxg6 Rf7+ 70. gxf7 1-0

[Event "UKR-ch U16 sf"]
[Site "Bila Tserkva"]
[Date "2006.11.23"]
[Round "8"]
[White "Kharchenko, Denis"]
[Black "Shumilov, Ilya"]
[Result "0-1"]
[WhiteElo "2168"]
[BlackElo "2175"]
[PlyCount "128"]
[EventDate "2006.11.16"]
[EventType "swiss"]
[EventRounds "9"]
[EventCountry "UKR"]
[SourceTitle "EXT 2008"]
[Source "ChessBase"]
[SourceDate "2007.11.25"]
[SourceVersion "1"]
[SourceVersionDate "2007.11.25"]
[SourceQuality "1"]

1. d4 d5 2. c4 e6 3. g3 f5 4. Bg2 Nf6 5. Nh3 Be7 6. 0-0 0-0 7. b3 Nc6 8. e3 a5 9. Ba3 Nb4 10. Nd2 c6 11. Bxb4 axb4 12. Qc2 Bd7 13. Nf3 Ra3 14. Nf4 Ne4 15. Ne5 Nc3 16. c5 Bc8 17. Ne2 Nxe2+ 18. Qxe2 Qa5 19. Qd2 Bf6 20. Nd3 b6 21. Rfc1 bxc5 22. Rxc5 Qb6 23. Rac1 Bd7 24. R5c2 Rb8 25. Nc5 Bc8 26. Na4 Qa5 27. Bf1 Bd7 28. Nc5 Bc8 29. Na4 Bd7 30. Nc5 Bc8 31. f4 Ra8 32. Na4 Bd7 33. Rc5 Qa7 34. Qxb4 Rxa2 35. R1c2 Rxc2 36. Rxc2 Be8 37. Qc3 Rb8 38. Nc5 Kf7 39. b4 Qb6 40. Rb2 Ra8 41. Qb3 Ra1 42. Rb1 Rxb1 43. Qxb1 Be7 44. Qb2 Qa7 45. Kf2 Bd7 46. Be2 Bc8 47. h3 g6 48. Nd3 Bd6 49. Ne5+ Bxe5 50. fxe5 Qa4 51. b5 cxb5 52. Bxb5 Qa5 53. Be2 Ba6 54. Bf3 Qc7 55. Be2 Bxe2 56. Kxe2 Qc4+ 57. Kf2 Kg7 58. g4 fxg4 59. hxg4 Qd3 60. Qb7+ Kh6 61. g5+ Kh5 62. Qxh7+ Kg4 63. Qe7 Qd2+ 64. Kf1 Kg3 0-1

[Event "Wch U12"]
[Site "Heraklion"]
[Date "2004.11.10"]
[Round "7"]
[White "Kharchenko, Denis"]
[Black "Vardanian, Haik"]
[Result "0-1"]
[WhiteElo "2196"]
[BlackElo "2234"]
[PlyCount "138"]
[EventDate "2004.11.04"]
[EventType "swiss"]
[EventRounds "11"]
[EventCountry "GRE"]
[SourceTitle "EXT 2005"]
[Source "ChessBase"]
[SourceDate "2004.11.15"]
[SourceVersion "1"]
[SourceVersionDate "2004.11.15"]
[SourceQuality "1"]

1. d4 e6 2. c4 b6 3. Nc3 Bb7 4. e4 Bb4 5. f3 Qh4+ 6. g3 Qe7 7. Bg2 Bxc3+ 8. bxc3 d6 9. Ne2 e5 10. Be3 Nc6 11. Qa4 Qd7 12. Kf2 Nf6 13. c5 dxc5 14. dxc5 Na5 15. Qxd7+ Nxd7 16. cxb6 axb6 17. Bh3 Nc4 18. Rhd1 Bc6 19. Nc1 Nd6 20. Nd3 f6 21. Nb4 Bb7 22. Be6 Nc5 23. Bd5 Bxd5 24. Rxd5 Na4 25. Rc1 Nc4 26. Nc6 Nxe3 27. Kxe3 Nc5 28. Nb4 0-0 29. Rd2 Ra3 30. Nd5 Ne6 31. Ke2 Rfa8 32. Rcc2 R8a5 33. Ne3 Rc5 34. Rd3 h6 35. Kd2 Ng5 36. Nd5 Raa5 37. h4 Nf7 38. Ne7+ Kf8 39. Nf5 g6 40. Ne3 Nd6 41. c4 f5 42. exf5 gxf5 43. Rxd6 cxd6 44. Nxf5 Ra3 45. Nxd6 Rxf3 46. Ne4 Rc6 47. Ke2 Ra3 48. g4 Rh3 49. h5 Ke7 50. Nf2 Rh2 51. Ke3 Rf6 52. Re2 Rf4 53. c5 bxc5 54. Nd3 Rxe2+ 55. Kxe2 Rxg4 56. Nxc5 Rh4 57. Kf3 Rxh5 58. Ke4 Rg5 59. Nd3 Ke6 60. Kf3 h5 61. Nf2 h4 62. Ne4 Rg8 63. Nf2 Rg3+ 64. Ke4 h3 65. a4 h2 66. a5 Rg1 67. a6 h1Q+ 68. Nxh1 Rxh1 69. a7 Ra1 0-1

[Event "Wch U12"]
[Site "Heraklion"]
[Date "2004.11.06"]
[Round "4"]
[White "O'Toole, Antony J"]
[Black "Kharchenko, Denis"]
[Result "1/2-1/2"]
[WhiteElo "1980"]
[BlackElo "2196"]
[PlyCount "117"]
[EventDate "2004.11.04"]
[EventType "swiss"]
[EventRounds "11"]
[EventCountry "GRE"]
[SourceTitle "EXT 2005"]
[Source "ChessBase"]
[SourceDate "2004.11.15"]
[SourceVersion "1"]
[SourceVersionDate "2004.11.15"]
[SourceQuality "1"]

1. e4 c5 2. c3 d5 3. exd5 Qxd5 4. d4 Nf6 5. Nf3 e6 6. Bd3 Be7 7. 0-0 0-0 8. Be3 cxd4 9. cxd4 Nbd7 10. Nc3 Qa5 11. Qc2 Nb6 12. a3 Nbd5 13. Nxd5 Qxd5 14. Rfd1 Bd7 15. Bc4 Rac8 16. Rac1 Qa5 17. Qe2 Bc6 18. Ne5 Bd5 19. Bd3 h6 20. Ng4 Rxc1 21. Rxc1 Rd8 22. Bf4 Bc6 23. Be5 Kf8 24. Bxf6 Bxf6 25. Nxf6 gxf6 26. Qe3 Qg5 27. Bf1 f5 28. g3 Ke7 29. f4 Qf6 30. Rc4 Kf8 31. Bg2 Bxg2 32. Kxg2 b5 33. Rc5 a6 34. Re5 Qe7 35. Qc3 Qd6 36. d5 exd5 37. Qd4 f6 38. Rxf5 Kf7 39. Qd1 Qe6 40. Qh5+ Ke7 41. Qg6 Rf8 42. Qg7+ Rf7 43. Qg4 Qe4+ 44. Kh3 Qd3 45. Rh5 f5 46. Qg6 Qf1+ 47. Kh4 Qe2 48. h3 Qxb2 49. Rxh6 Qf6+ 50. Qg5 Qxg5+ 51. Kxg5 d4 52. Rc6 d3 53. Rc3 d2 54. Rd3 Ke6 55. Rxd2 Rg7+ 56. Kh4 Rh7+ 57. Kg5 Rg7+ 58. Kh4 Rh7+ 59. Kg5 1/2-1/2

[Event "UKR-ch U12"]
[Site "Bila Tserkva"]
[Date "2004.03.28"]
[Round "8"]
[White "Kharchenko, Denis"]
[Black "Mishugin, Aleksandr"]
[Result "0-1"]
[WhiteElo "2168"]
[BlackElo "2097"]
[PlyCount "118"]
[EventDate "2004.03.??"]
[EventType "tourn"]
[EventRounds "11"]
[EventCountry "UKR"]
[SourceTitle "EXT 2008"]
[Source "ChessBase"]
[SourceDate "2007.11.25"]
[SourceVersion "1"]
[SourceVersionDate "2007.11.25"]
[SourceQuality "1"]

1. d4 d5 2. c4 e6 3. Nc3 Nf6 4. cxd5 exd5 5. Bg5 Be7 6. e3 Nbd7 7. Bd3 0-0 8. Nge2 Re8 9. 0-0 Nf8 10. Qc2 Ng6 11. Rab1 c6 12. b4 a6 13. a4 Ne4 14. Bxe7 Qxe7 15. b5 axb5 16. axb5 Bf5 17. Bxe4 dxe4 18. Ng3 Nh4 19. bxc6 bxc6 20. Na4 Rac8 21. Qe2 Qg5 22. Qh5 Qf6 23. Nxf5 Nxf5 24. Nc5 Nd6 25. Qg4 Qe7 26. Qd7 Qxd7 27. Nxd7 Red8 28. Nc5 g6 29. f3 Nc4 30. Rfe1 exf3 31. gxf3 Re8 32. Kf2 f5 33. Re2 f4 34. e4 Ne3 35. Rc1 Kf7 36. Nd3 g5 37. Ne5+ Rxe5 38. dxe5 c5 39. Ra2 Rc7 40. Ke2 c4 41. Rc3 Ke6 42. Rd2 Kxe5 43. Rd8 Ra7 44. Rd2 Ra1 45. Rb2 Rh1 46. Rb8 Rxh2+ 47. Ke1 Rg2 48. Rh8 Kd4 49. Ra3 Nc2+ 50. Kf1 Ne3+ 51. Ke1 Nc2+ 52. Kf1 Nxa3 53. Kxg2 c3 54. Rxh7 c2 55. Rh1 Nc4 56. Kh3 Ne5 57. Rc1 Kd3 58. Ra1 Kd2 59. Ra2 Kd1 0-1

[Event "UKR-ch U12"]
[Site "Bila Tserkva"]
[Date "2004.03.26"]
[Round "6"]
[White "Kharchenko, Denis"]
[Black "Bordovsky, Volodimir"]
[Result "1/2-1/2"]
[WhiteElo "2168"]
[BlackElo "2177"]
[PlyCount "128"]
[EventDate "2004.03.??"]
[EventType "tourn"]
[EventRounds "11"]
[EventCountry "UKR"]
[SourceTitle "EXT 2008"]
[Source "ChessBase"]
[SourceDate "2007.11.25"]
[SourceVersion "1"]
[SourceVersionDate "2007.11.25"]
[SourceQuality "1"]

1. e4 c5 2. Nf3 d6 3. d4 cxd4 4. Nxd4 Nf6 5. Nc3 a6 6. Bc4 e6 7. Bb3 Be7 8. 0-0 0-0 9. f4 Nc6 10. Kh1 Qc7 11. f5 e5 12. Nde2 b5 13. Bg5 b4 14. Bxf6 Bxf6 15. Nd5 Qd8 16. Rf3 a5 17. Ba4 Bb7 18. Bxc6 Bxc6 19. c3 Bxd5 20. Qxd5 Qb6 21. Qd2 Rab8 22. b3 d5 23. Ng3 bxc3 24. Rxc3 Rfd8 25. Qc2 d4 26. Rc4 d3 27. Qc3 Qf2 28. Qe1 Qb2 29. Qc1 Qxc1+ 30. Raxc1 d2 31. Rd1 Rbc8 32. Rxd2 Rxd2 33. Rxc8+ Bd8 34. Nf1 Rd4 35. g3 Kf8 36. Kg2 Ke7 37. Kf3 a4 38. bxa4 Rxa4 39. Rc2 g6 40. Ne3 Ra3 41. Ke2 Ra4 42. Nd5+ Ke8 43. Nc3 Rc4 44. fxg6 hxg6 45. Kd1 Ba5 46. Nb5 Rxc2 47. Kxc2 Ke7 48. Kd3 f5 49. Na3 Kd7 50. Nc4 Bc7 51. Ne3 Ke6 52. Nd5 Bd8 53. Nc3 Kd6 54. Ne2 Kc5 55. Ng1 Kb4 56. Nf3 Bf6 57. h4 Ka3 58. h5 fxe4+ 59. Kxe4 gxh5 60. Kf5 Bd8 61. Nd2 Kxa2 62. Ne4 Kb2 63. Kxe5 h4 64. gxh4 Bxh4 1/2-1/2

[Event "UKR-ch U12"]
[Site "Bila Tserkva"]
[Date "2004.03.24"]
[Round "4"]
[White "Kharchenko, Denis"]
[Black "Ipatov, Alexander"]
[Result "1/2-1/2"]
[WhiteElo "2168"]
[BlackElo "2178"]
[PlyCount "50"]
[EventDate "2004.03.??"]
[EventType "tourn"]
[EventRounds "11"]
[EventCountry "UKR"]
[SourceTitle "EXT 2008"]
[Source "ChessBase"]
[SourceDate "2007.11.25"]
[SourceVersion "1"]
[SourceVersionDate "2007.11.25"]
[SourceQuality "1"]

1. c4 Nf6 2. Nc3 e6 3. d4 d5 4. cxd5 exd5 5. Bg5 Nbd7 6. e3 Be7 7. Bd3 0-0 8. Nge2 c6 9. 0-0 Re8 10. Qc2 Ne4 11. Bxe7 Qxe7 12. Ng3 Ndf6 13. Rae1 Nxg3 14. hxg3 Ne4 15. Kh2 Qe6 16. Rh1 Qg6 17. Bxe4 dxe4 18. Rc1 Bg4 19. Kg1 Rac8 20. b4 b6 21. Na4 Be6 22. Rh4 Bd5 23. a3 Qe6 24. Nc3 g6 25. Ne2 Kg7 1/2-1/2

[Event "Nord West Cup 05th"]
[Site "Bad Zwischenahn"]
[Date "2003.??.??"]
[Round "7"]
[White "Korba, Roman"]
[Black "Kharchenko, Denis"]
[Result "1-0"]
[WhiteElo "2096"]
[BlackElo "2206"]
[PlyCount "83"]
[EventDate "2003.02.??"]
[EventType "swiss"]
[EventRounds "7"]
[EventCountry "GER"]
[SourceTitle "EXT 2004"]
[Source "ChessBase"]
[SourceDate "2003.11.25"]
[SourceVersion "1"]
[SourceVersionDate "2003.11.25"]
[SourceQuality "1"]

1. c4 Nf6 2. Nf3 e6 3. g3 d5 4. Bg2 Be7 5. 0-0 0-0 6. d4 Nbd7 7. Qc2 Re8 8. b3 Nf8 9. Bb2 b6 10. Ne5 Bb7 11. Nd2 Ng6 12. Rfd1 c5 13. e3 Rc8 14. Rac1 Qc7 15. cxd5 exd5 16. Ndf3 Ne4 17. Nxg6 hxg6 18. Ne5 Red8 19. f3 Ng5 20. h4 Ne6 21. Bh3 Qd6 22. Qe2 cxd4 23. exd4 Bf6 24. f4 Bxe5 25. fxe5 Qe7 26. Qd3 Rxc1 27. Rxc1 Bc8 28. Bg2 Qb7 29. Qb5 Qa6 30. Qxa6 Bxa6 31. Kf2 Kf8 32. Ke3 Ke8 33. Ba3 Bb7 34. Bd6 f5 35. Bf1 a6 36. Bd3 Kd7 37. h5 Rh8 38. hxg6 Rh5 39. Rf1 Rg5 40. Rf3 Rxg6 41. Bxf5 Rh6 42. Bg4 1-0